000 01282nam a22002777a 4500
003 DO-SdBNP
005 20230705130049.0
007 ta
008 211001b2021 dr ad|| 00| 0 spa d
020 _a9788845918564
040 _aDO-SdBNP
_bspa
_cBPMSU
082 4 _a330
_bA696e 2021
_222
100 1 _aArias, José Adalberto
_d1951-
100 z _aArias, José A.
_d1951-
245 1 0 _aEconomía del bienestar y el cambio climático /
_cJosé Adalberto Arias ; presentación : Monseñor Víctor Massalles Pere.
260 _aSanto Domingo :
_bEditora Búho,
_c2021.
300 _a209 p. :
_bil., gráf. ;
_c23 cm.
500 _aIncluye datos biográficos del autor en las solapas
505 0 _aPresentación /
_rMonseñor Víctor Masalles Pere --
_tPreámbulo --
_t La economía como ciencia --
_tLa economía del bienestar --
_tEl cuidado del medio ambiente --
_tEl secreto financiero y el cambio climático --
_tRevolución climática en la economía mundial --
_tA manera de colofón : El covid-19 y el cambio climático
_tBibliografía general --
590 _aInventariado, 2023/VM
650 4 _aEconomía del bienestar
650 4 _aCambios climáticos
_xAspectos económicos.
650 4 _aÉtica social
910 _aVMateo V. Control de calidad (BPMSU)
942 _2ddc
_cBK
999 _c14400
_d14400